000 00308nam a22001457a 4500
008 210511b ||||| |||| 00| 0 eng d
020 _a9780385479509
041 _aeng
080 _a33
082 _a33
100 _a56
101 _aBIZ
245 _aCo-Opetition
_cBrandenburger,A.M
942 _2udc
_cBK
999 _c57199
_d57199